Statistiques concernant Sports par athlètes

Cliquez ici pour prendre le quiz!

Statistiques générales

  • Ce quiz a été pris 19 968 fois
  • Le résultat moyen est 14 sur 20

Statistiques - réponses

AthlèteSport% Correct
Michael JordanBasket
98%
Cristiano RonaldoFootball
98%
Usain BoltAthlétisme
96%
Rafael NadalTennis
96%
Mike TysonBoxe
95%
Teddy RinerJudo
95%
Michael SchumacherFormule 1
94%
Tiger WoodsGolf
89%
Nikola KarabaticHandball
86%
Lance ArmstrongCyclisme
80%
Sébastien LoebRallye Automobile
79%
The UndertakerCatch
74%
Jonah LomuRugby
65%
Philippe CandeloroPatinage artistique
62%
Tony HawkSkateboard
62%
Laura FlesselEscrime
55%
Kelly SlaterSurf
32%
Joe DiMaggioBaseball
31%
Philippe QuintaisPétanque
24%
Joe MontanaFootball Américain
22%

Distribution des résultats

Percentile par nombre de réponses

% des personnes avec chaque résultat

Votre développement - résultats

Vous n’avez pas pris ce quiz